000 00289nam a2200121Ia 4500
008 191201s2004 xx 000 0 und d
100 _aSINGH, Joginder
245 0 _aYou Too Can Succeed
260 _aN.Delhi
_bNew Dawn
_c2004
300 _a207
650 _aGeneral Books
942 _2ddc
_cBK
999 _c2124
_d2124